Converging technologies for improving human performance: nanotechnology, biotechnology, information technology and cognitive science (Record no. 138870)

MARC details
000 -LEADER
fixed length control field 00659nam a2200193Ia 4500
008 - FIXED-LENGTH DATA ELEMENTS--GENERAL INFORMATION
fixed length control field 191130s2003##################000#0#eng##
020 ## - INTERNATIONAL STANDARD BOOK NUMBER
ISBN 9781402012549
082 ## - DEWEY DECIMAL CLASSIFICATION NUMBER
Classification number 153 ROC
100 ## - MAIN ENTRY--AUTHOR NAME
Personal name Roco, Mihail C
245 ## - TITLE STATEMENT
Title Converging technologies for improving human performance: nanotechnology, biotechnology, information technology and cognitive science
Statement of responsibility, etc Mihail C. Roco and William Sims bainbridge
260 ## - PUBLICATION, DISTRIBUTION, ETC. (IMPRINT)
Place of publication Boston
Name of publisher Kluwer Academic Publishers
Year of publication c2003
300 ## - PHYSICAL DESCRIPTION
Number of Pages xiii, 467 p
500 ## - GENERAL NOTE
General note Includes Index
650 ## - SUBJECT ADDED ENTRY--TOPICAL TERM
Topical Term Cognitive science
991 ## -
-- 221975
Holdings
Withdrawn status Lost status Damaged status Not for loan Home library Current library Shelving location Date acquired Full call number Accession Number Price effective from Koha item type
        Anna Centenary Library Anna Centenary Library 3RD FLOOR, A WING 12.10.2020 153 ROC 209969 12.10.2020 English Books

Find us on the map